Largest Capitals - Statistics

General Stats
  • This quiz has been taken 12 times
  • The average score is 20 of 25
Answers on the Map
Answers color-coded by a green-red scale on the quiz's map according to % correct below.
 
Answer Stats
Answer % Correct
Beijing
91%
Tokyo
91%
Amman
82%
Bangkok
82%
Berlin
82%
Cairo
82%
Hanoi
82%
Kabul
82%
Lima
82%
London
82%
Mexico City
82%
Moscow
82%
Nairobi
82%
Riyadh
82%
Santiago
82%
Seoul
82%
Singapore
82%
Tehran
82%
Algiers
73%
Ankara
73%
Baghdad
73%
Bogota
73%
Dhaka
73%
Kinshasa
73%
Jakarta
64%
No matching quizzes found
Score Distribution
Percent of People with Each Score
Percentile by Number Answered
Your Score History
You have not taken this quiz